LEADER 00644nam a2200169 i 4500 001 000000239240 003 CaOOAMICUS 005 20150223000000.0 008 150223s1883 it u000 u fre u 013 $a218145 040 $aSeMil$bita 245 10$aDu 12. au 23. dimanche après la Pentecôte. 300 $a412 p. 773 0 $tSermons du vénérable serviteur de Dieu, Jean-Baptiste-Marie Vianney, curé d'Ars.$dLyon : Ruban, 1883.$g3$w()31468 850 $aSeMil 852 $aSeMil$W1$xVenegono$y1$m3D II 159 FA$j189586$B189586$CSeMilBibl$Z2$F200402 $8I 996 $6245$aDu 12. au 23. dimanche après la Pentecôte$9(OLS)http://semarc/title/340673 LEADER 01213nam a2200241 i 4500 001 000000017207 003 CaOOAMICUS 005 20180830125443.0 008 180830n it u000 u ita u 040 $aSeMil$bita 100 1 $aPuncuh, Dino <1931->.$0(OLS)http://semarc/name/7880 245 10$aAll'ombra della Lanterna :$bcinquant'anni tra archivi e biblioteche : 1956-2006 /$cDino Puncuh ; A cura di Antonella Rovere, Marta Calleri, Sandra Macchiavello. 260 $aGenova :$b[s.n.],$c[200?] 300 $a2 v. ;$c24 cm. 500 $aDono del Card. Dionigi Tettamanzi. 700 1 $aMacchiavello, Sandra.$0(OLS)http://semarc/name/7883 700 1 $aCalleri, Marta.$0(OLS)http://semarc/name/7882 700 1 $aRovere, Antonella.$0(OLS)http://semarc/name/7881 773 0 $tAtti della Società ligure di storia patria. Nuova serie.$dGenova : [s.n.], [19?]$w()17206 774 0 $t[2].$kAtti della Società ligure di storia patria$kAtti della Società ligure di storia patria. Nuova serie$w()158413 941 1 $a5 996 $6245$aAll'ombra della Lanterna :$bcinquant'anni tra archivi e biblioteche : 1956-2006$9(OLS)http://semarc/title/22758 996 $6260$aGenova :$b[s.n.]$9(OLS)http://semarc/publisher/30558